UBT Library

INTRODUCTORY CHEMISTRY (Record no. 60021)

000 -LEADER
fixed length control field 00323nam a22001457a 4500
008 - FIXED-LENGTH DATA ELEMENTS--GENERAL INFORMATION
fixed length control field 230622b ||||| |||| 00| 0 eng d
020 ## - INTERNATIONAL STANDARD BOOK NUMBER
International Standard Book Number 9781285453187
041 ## - LANGUAGE CODE
Language code of text/sound track or separate title eng
080 ## - UNIVERSAL DECIMAL CLASSIFICATION NUMBER
Edition identifier 8E
Universal Decimal Classification number 575
082 ## - DEWEY DECIMAL CLASSIFICATION NUMBER
Classification number 575ZUM
100 ## - Rafti
Rafti 13
101 ## - Shkurtesa
Shkurtesa BIOKIMI
245 ## - TITLE STATEMENT
Title INTRODUCTORY CHEMISTRY
Statement of responsibility, etc ZUMDAHL.DE
942 ## - ADDED ENTRY ELEMENTS (KOHA)
Source of classification or shelving scheme
Item type Books
Holdings
Withdrawn status Lost status Source of classification or shelving scheme Damaged status Not for loan Collection code Permanent location Current location Date acquired Total Checkouts Full call number Barcode Date last seen Price effective from Koha item type
          Koleksioni i përgjithshem UBT - Lipjan UBT - Lipjan 06/22/2023   575ZUM 002-800080651 06/22/2023 06/22/2023 Books
UBT Library © 2015-2024. All rights reserved University Education for Business and Technology